Terytoria w grze Ryzyko - Statystyki

Ogólne statystyki
  • Ten quiz został rozwiązany 3 razy
  • Średni wynik to 8 z 42
Statystyki odpowiedzi
Odpowiedź % Poprawnych
Brazylia
100%
Alaska
67%
Argentyna
67%
Egipt
67%
Peru
67%
Wenezuela
67%
Afryka Północna
33%
Afryka Południowa
33%
Afryka Wschodnia
33%
Alberta
33%
Europa Północna
33%
Europa Południowa
33%
Islandia
33%
Kamczatka
33%
Madagaskar
33%
Ontario
33%
Quebec
33%
Ukraina
33%
Afganistan
0%
Ameryka Środkowa
0%
Australia Wschodnia
0%
Australia Zachodnia
0%
Bliski Wschód
0%
Chiny
0%
Europa Zachonia
0%
Grenlandia
0%
Indie
0%
Indonezja
0%
Irkuck
0%
Jakuck
0%
Japonia
0%
Kongo
0%
Mongolia
0%
Nowa Gwinea
0%
Skandynawia
0%
Stany Zjednoczone Wschodnie
0%
Stany Zjednoczone Zachodnie
0%
Syberia
0%
Tajlandia
0%
Terytoria Północno-Zachodnie
0%
Ural
0%
Wielka Brytania
0%
Nie znaleziono quizów pasujących do podanych kryteriów
Rozkład punktacji
Procent ludzi z każdym wynikiem
Percentyl według liczby udzielonych odpowiedzi
Twoja historia wyników
Nie rozwiązałeś tego quizu